[Event "ODJM A 2022"]
[Site "Willingen GER"]
[Date "2022.06.05"]
[Round "2"]
[White "Schulz, Jannis"]
[Black "Frohnhäuser, Simon"]
[Result "1/2-1/2"]
[Termination "normal"]
[Board "21"]
[WhiteElo "1810"]
[BlackElo "1944"]
[WhiteClock "00:21:20"]
[BlackClock "00:14:23"]
[PlyCount "99"]
[WhiteFideId "16224710"]
[BlackFideId "16208528"]
[EventCountry "GER"]
[EventRounds "9"]
[EventType "swiss"]
[EventDate "2022.06.04"]

1. d4 {[%clk 1:30:58]} Nf6 {[%clk 1:30:56]} 2. Nf3 {[%clk 1:31:01]} d5 {[%clk
1:31:21]} 3. e3 {[%clk 1:28:45]} c5 {[%clk 1:26:48]} 4. c3 {[%clk 1:28:52]} Nc6
{[%clk 1:27:00]} 5. Bd3 {[%clk 1:29:17]} Bg4 {[%clk 1:24:17]} 6. Nbd2 {[%clk
1:28:25]} e6 {[%clk 1:24:35]} 7. O-O {[%clk 1:26:33]} Be7 {[%clk 1:24:53]} 8.
h3 {[%clk 1:26:46]} Bh5 {[%clk 1:25:14]} 9. Be2 {[%clk 1:11:43]} cxd4 {[%clk
1:15:22]} 10. exd4 {[%clk 1:10:40]} Qc7 {[%clk 1:07:21]} 11. Re1 {[%clk
1:09:44]} O-O {[%clk 1:07:43]} 12. Nh4 {[%clk 1:07:29]} Bxe2 {[%clk 1:05:03]}
13. Qxe2 {[%clk 1:06:34]} Bd6 {[%clk 1:05:13]} 14. Nhf3 {[%clk 1:05:51]} Rac8
{[%clk 0:59:01]} 15. Nf1 {[%clk 1:04:01]} Ne4 {[%clk 0:57:17]} 16. Ng5 {[%clk
1:03:43]} Nxg5 {[%clk 0:51:51]} 17. Bxg5 {[%clk 1:03:43]} Bf4 {[%clk 0:50:18]}
18. Qg4 {[%clk 1:01:02]} Bxg5 {[%clk 0:49:39]} 19. Qxg5 {[%clk 1:01:26]} b5
{[%clk 0:49:48]} 20. Ng3 {[%clk 0:58:59]} Qe7 {[%clk 0:48:52]} 21. Qg4 {[%clk
0:56:19]} Qf6 {[%clk 0:49:05]} 22. f4 {[%clk 0:53:14]} g6 {[%clk 0:34:10]} 23.
a3 {[%clk 0:40:59]} a5 {[%clk 0:32:08]} 24. Rf1 {[%clk 0:38:29]} Ne7 {[%clk
0:26:27]} 25. Rf2 {[%clk 0:31:25]} Kh8 {[%clk 0:23:59]} 26. Qf3 {[%clk
0:27:30]} Nc6 {[%clk 0:13:37]} 27. Ne2 {[%clk 0:26:14]} b4 {[%clk 0:09:50]} 28.
axb4 {[%clk 0:25:27]} axb4 {[%clk 0:10:15]} 29. Ra6 {[%clk 0:25:01]} Qf5 {[%clk
0:09:22]} 30. Kh2 {[%clk 0:23:34]} Nb8 {[%clk 0:08:41]} 31. Rb6 {[%clk
0:22:29]} bxc3 {[%clk 0:09:00]} 32. bxc3 {[%clk 0:20:59]} Nd7 {[%clk 0:08:20]}
33. Rb7 {[%clk 0:19:51]} Rfd8 {[%clk 0:07:08]} 34. g4 {[%clk 0:18:15]} Qf6
{[%clk 0:05:38]} 35. f5 {[%clk 0:16:51]} Rb8 {[%clk 0:01:12]} 36. Rxb8 {[%clk
0:13:55]} Rxb8 {[%clk 0:01:38]} 37. Nf4 {[%clk 0:11:25]} gxf5 {[%clk 0:01:50]}
38. Nh5 {[%clk 0:10:42]} Qg5 {[%clk 0:01:26]} 39. gxf5 {[%clk 0:10:38]} Rg8
{[%clk 0:01:42]} 40. Rg2 {[%clk 0:08:36]} Qxg2+ {[%clk 0:01:12]} 41. Qxg2
{[%clk 0:09:00]} Rxg2+ {[%clk 0:01:38]} 42. Kxg2 {[%clk 0:09:27]} Kg8 {[%clk
0:17:51]} 43. Kf3 {[%clk 0:36:11]} Kf8 {[%clk 0:16:02]} 44. Kg4 {[%clk
0:28:11]} h6 {[%clk 0:16:04]} 45. Ng3 {[%clk 0:21:54]} Nf6+ {[%clk 0:16:04]}
46. Kf4 {[%clk 0:22:20]} Ke7 {[%clk 0:16:09]} 47. fxe6 {[%clk 0:22:23]} fxe6
{[%clk 0:16:33]} 48. h4 {[%clk 0:21:48]} Kf7 {[%clk 0:13:59]} 49. Ke5 {[%clk
0:21:20]} Ke7 {[%clk 0:14:23]} 50. Ke4 1/2-1/2

[Event "ODJM A 2022"]
[Site "Willingen GER"]
[Date "2022.06.05"]
[Round "2"]
[White "Matthes, Benjamin"]
[Black "Gallasch, Robin"]
[Result "0-1"]
[Termination "normal"]
[Board "22"]
[WhiteElo "1851"]
[BlackElo "2063"]
[WhiteClock "00:00:33"]
[BlackClock "00:06:55"]
[PlyCount "124"]
[WhiteFideId "16227298"]
[BlackFideId "16222423"]
[EventCountry "GER"]
[EventRounds "9"]
[EventType "swiss"]
[EventDate "2022.06.04"]

1. e4 {[%clk 1:30:50]} c6 {[%clk 1:30:51]} 2. d4 {[%clk 1:31:10]} d5 {[%clk
1:31:12]} 3. exd5 {[%clk 1:31:28]} cxd5 {[%clk 1:31:25]} 4. c4 {[%clk 1:31:48]}
Nf6 {[%clk 1:31:34]} 5. Nc3 {[%clk 1:32:10]} g6 {[%clk 1:31:43]} 6. Qb3 {[%clk
1:31:35]} Bg7 {[%clk 1:32:02]} 7. cxd5 {[%clk 1:31:31]} O-O {[%clk 1:32:25]} 8.
Be2 {[%clk 1:31:34]} Na6 {[%clk 1:32:12]} 9. Bf3 {[%clk 1:31:10]} Qb6 {[%clk
1:31:00]} 10. Qxb6 {[%clk 1:30:34]} axb6 {[%clk 1:31:25]} 11. Nge2 {[%clk
1:30:29]} Nb4 {[%clk 1:29:03]} 12. O-O {[%clk 1:27:20]} Rd8 {[%clk 1:27:45]}
13. d6 {[%clk 1:27:04]} Rxd6 {[%clk 1:24:54]} 14. Bf4 {[%clk 1:25:40]} Rd7
{[%clk 1:25:18]} 15. Rfd1 {[%clk 1:04:19]} Nbd5 {[%clk 1:11:27]} 16. Be5 {[%clk
0:52:31]} Rd8 {[%clk 0:59:47]} 17. Nxd5 {[%clk 0:37:18]} Nxd5 {[%clk 1:00:04]}
18. Bxg7 {[%clk 0:37:41]} Kxg7 {[%clk 1:00:28]} 19. Rac1 {[%clk 0:33:33]} Be6
{[%clk 0:58:52]} 20. a3 {[%clk 0:28:29]} Rd7 {[%clk 0:54:06]} 21. Nc3 {[%clk
0:22:54]} Ra5 {[%clk 0:44:39]} 22. g3 {[%clk 0:08:44]} Nxc3 {[%clk 0:29:50]}
23. Rxc3 {[%clk 0:09:12]} Bd5 {[%clk 0:29:46]} 24. Bg2 {[%clk 0:03:00]} Bxg2
{[%clk 0:29:52]} 25. Kxg2 {[%clk 0:03:14]} Rad5 {[%clk 0:29:56]} 26. f4 f6
{[%clk 0:15:45]} 27. Rb3 {[%clk 0:03:39]} b5 {[%clk 0:15:28]} 28. Rb4 {[%clk
0:04:04]} e5 {[%clk 0:14:00]} 29. fxe5 {[%clk 0:04:19]} fxe5 {[%clk 0:14:24]}
30. Kf3 {[%clk 0:04:35]} exd4 {[%clk 0:14:28]} 31. Rd3 {[%clk 0:04:50]} Kf6
{[%clk 0:05:48]} 32. Ke4 {[%clk 0:04:27]} Re5+ {[%clk 0:06:04]} 33. Kf3 {[%clk
0:04:42]} Rf5+ {[%clk 0:04:02]} 34. Ke4 {[%clk 0:03:00]} Kg5 {[%clk 0:02:26]}
35. Rdxd4 {[%clk 0:02:29]} Rxd4+ {[%clk 0:02:32]} 36. Rxd4 {[%clk 0:00:40]} Rf2
{[%clk 0:01:13]} 37. Rd5+ {[%clk 0:00:34]} Kg4 {[%clk 0:01:29]} 38. Rxb5 {[%clk
0:00:47]} Rxh2 {[%clk 0:01:51]} 39. Rxb7 {[%clk 0:00:44]} Kxg3 {[%clk 0:02:13]}
40. b4 {[%clk 0:00:43]} g5 {[%clk 0:00:57]} 41. a4 {[%clk 0:19:23]} h5 {[%clk
0:21:01]} 42. a5 {[%clk 0:07:50]} Ra2 {[%clk 0:21:05]} 43. Rb5 {[%clk 0:02:18]}
Kg4 {[%clk 0:20:35]} 44. Rd5 {[%clk 0:01:12]} h4 {[%clk 0:20:06]} 45. b5 {[%clk
0:00:56]} Rxa5 {[%clk 0:09:55]} 46. b6 {[%clk 0:00:44]} Ra8 {[%clk 0:10:19]}
47. Ke3 {[%clk 0:00:49]} h3 {[%clk 0:07:40]} 48. Kf2 {[%clk 0:00:46]} Ra2+
{[%clk 0:07:33]} 49. Kg1 {[%clk 0:00:56]} Rb2 {[%clk 0:07:55]} 50. Rd4+ {[%clk
0:00:33]} Kg3 {[%clk 0:08:02]} 51. Rd3+ {[%clk 0:00:36]} Kh4 {[%clk 0:08:26]}
52. Rd6 {[%clk 0:00:31]} g4 {[%clk 0:08:32]} 53. Rd1 {[%clk 0:00:32]} Rxb6
{[%clk 0:08:40]} 54. Kh2 {[%clk 0:00:41]} Rb2+ {[%clk 0:07:35]} 55. Kh1 {[%clk
0:01:05]} Rb3 {[%clk 0:05:22]} 56. Kh2 {[%clk 0:00:39]} g3+ {[%clk 0:05:37]}
57. Kg1 {[%clk 0:00:48]} Kg4 {[%clk 0:05:56]} 58. Rc1 {[%clk 0:00:48]} Kf3
{[%clk 0:05:54]} 59. Rf1+ {[%clk 0:01:10]} Ke2 {[%clk 0:06:11]} 60. Ra1 {[%clk
0:00:34]} Rd3 {[%clk 0:06:23]} 61. Ra2+ {[%clk 0:00:32]} Rd2 {[%clk 0:06:45]}
62. Ra1 {[%clk 0:00:33]} Rd1+ {[%clk 0:06:55]} 0-1

[Event "ODJM A 2022"]
[Site "Willingen GER"]
[Date "2022.06.05"]
[Round "2"]
[White "Herter, Arne"]
[Black "Seitz, Manuel"]
[Result "1-0"]
[Termination "normal"]
[Board "23"]
[WhiteElo "1943"]
[BlackElo "1794"]
[PlyCount "85"]
[WhiteFideId "16255372"]
[BlackFideId "16215770"]
[EventCountry "GER"]
[EventRounds "9"]
[EventType "swiss"]
[EventDate "2022.06.04"]

1. e4 e5 2. Nf3 Nc6 3. Bb5 a6 4. Ba4 Nf6 5. O-O Be7 6. Re1 b5 7. Bb3 O-O 8. d3
d6 9. c3 Na5 10. Bc2 c5 11. Nbd2 Re8 12. Nf1 Bf8 13. Bg5 h6 14. Bxf6 Qxf6 15.
Ne3 Be6 16. d4 Nc4 17. Nxc4 Bxc4 18. d5 b4 19. Ba4 Reb8 20. Bc6 Ra7 21. cxb4
cxb4 22. Rc1 Bb5 23. a4 bxa3 24. bxa3 Qd8 25. a4 Bxc6 26. dxc6 Qa5 27. Rc4 Rc7
28. Qd5 Qb6 29. Nd2 Be7 30. g3 Qa7 31. Nf1 Rb2 32. Ne3 g6 33. h4 h5 34. Rf1 Qb6
35. Qd1 Qa7 36. Qc1 Rb3 37. Qc2 Ra3 38. Kg2 Kf8 39. Nd5 Rc8 40. Rc1 Bd8 41. c7
Be7 42. Qb2 Rd3 43. Nb6 1-0

[Event "ODJM A 2022"]
[Site "Willingen GER"]
[Date "2022.06.05"]
[Round "2"]
[White "Brockmeyer, Tobias"]
[Black "Nguyen, Phuc Nhat"]
[Result "1-0"]
[Termination "normal"]
[Board "24"]
[WhiteElo "1936"]
[BlackElo "1839"]
[PlyCount "145"]
[WhiteFideId "12982385"]
[BlackFideId "16253590"]
[EventCountry "GER"]
[EventRounds "9"]
[EventType "swiss"]
[EventDate "2022.06.04"]

1. Nf3 d5 2. g3 Nf6 3. Bg2 Bg4 4. c4 c6 5. d4 e6 6. Qb3 Qb6 7. c5 Qxb3 8. axb3
h6 9. Nc3 Nbd7 10. b4 a6 11. b5 cxb5 12. Nxb5 Rc8 13. Nc3 Be7 14. O-O O-O 15.
Bf4 g5 16. Bd2 Bf5 17. h4 g4 18. Nh2 Kh7 19. Rfc1 b6 20. b4 a5 21. bxa5 bxc5
22. e3 Rb8 23. Nf1 Rfc8 24. Ra4 Bd3 25. Rca1 Rb2 26. R4a2 Rbb8 27. Na4 c4 28.
Bc3 Ne8 29. Nd2 Nd6 30. Bf1 Bf5 31. Rb2 Nb5 32. Rba2 Nxc3 33. Nxc3 Bb4 34. Ndb1
Ra8 35. Be2 Rcb8 36. Kg2 Kg7 37. Bd1 Bxb1 38. Nxb1 Rxa5 39. Rxa5 Bxa5 40. Bxg4
Nf6 41. Bf3 Rb2 42. Rxa5 Rxb1 43. Ra7 h5 44. Rc7 Rc1 45. Kh2 c3 46. Kg2 c2 47.
Be2 Ne8 48. Rc3 Nd6 49. Bd3 f5 50. Rxc2 Rxc2 51. Bxc2 Kf6 52. Bd3 Ne8 53. Kf3
e5 54. Ke2 e4 55. Bb5 Ng7 56. Kd2 Ke7 57. Kc3 Kd6 58. Be2 Kc6 59. Kb4 Kb6 60.
Bd1 Kc6 61. Ka5 f4 62. gxf4 Nf5 63. Bxh5 Nxh4 64. Kb4 Kd6 65. Bg4 Ng2 66. Kc3
Ke7 67. Kd2 Nh4 68. Ke2 Kf6 69. f3 Ng6 70. fxe4 dxe4 71. d5 Ne7 72. d6 Nc6 73.
Kd2 1-0

[Event "ODJM A 2022"]
[Site "Willingen GER"]
[Date "2022.06.05"]
[Round "2"]
[White "Poggemann, Alexander"]
[Black "Paeslack, Luis"]
[Result "0-1"]
[Termination "normal"]
[Board "25"]
[WhiteElo "1829"]
[BlackElo "1889"]
[PlyCount "40"]
[WhiteFideId "16224167"]
[BlackFideId "12987760"]
[EventCountry "GER"]
[EventRounds "9"]
[EventType "swiss"]
[EventDate "2022.06.04"]

1. e4 c5 2. c3 g6 3. d4 cxd4 4. cxd4 d5 5. e5 Bg7 6. Nf3 Bg4 7. Bb5+ Nd7 8. Nc3
e6 9. O-O a6 10. Bxd7+ Qxd7 11. h3 Bxf3 12. Qxf3 Ne7 13. b3 b5 14. Ba3 O-O 15.
Qd3 Rfc8 16. Bxe7 Qxe7 17. Rac1 Bh6 18. Rc2 Rc7 19. f3 Rac8 20. Rff2 Qb4 0-1

[Event "ODJM A 2022"]
[Site "Willingen GER"]
[Date "2022.06.05"]
[Round "2"]
[White "Sabirov, Rafael"]
[Black "Özdemir, Edwin-Daniel"]
[Result "1/2-1/2"]
[Termination "normal"]
[Board "26"]
[WhiteElo "1704"]
[BlackElo "1718"]
[PlyCount "88"]
[WhiteFideId "16241185"]
[BlackFideId "12919055"]
[EventCountry "GER"]
[EventRounds "9"]
[EventType "swiss"]
[EventDate "2022.06.04"]

1. e4 c5 2. Nc3 e6 3. f4 a6 4. Nf3 b5 5. g3 Bb7 6. d3 d6 7. Bg2 Nd7 8. Qe2 Be7
9. O-O b4 10. Nd1 Ngf6 11. Nf2 O-O 12. Bd2 Re8 13. g4 Nf8 14. c3 a5 15. g5 N6d7
16. Ng4 Qb6 17. Kh1 f5 18. exf5 exf5 19. Ne3 g6 20. c4 d5 21. cxd5 Bd6 22. Ne1
Qc7 23. Qf2 Nb6 24. Rc1 Rad8 25. a3 Qb8 26. Nc4 Qa7 27. Nxd6 Rxd6 28. Qxc5 Rxd5
29. Bxd5+ Bxd5+ 30. Kg1 Re2 31. Rf2 Ne6 32. Rxe2 Nxc5 33. Rxc5 Nd7 34. d4 Nxc5
35. dxc5 Qxc5+ 36. Be3 Qc4 37. Kf2 b3 38. Bd2 a4 39. Be3 Be4 40. Rd2 Qc7 41.
Kg3 h6 42. h4 hxg5 43. hxg5 Kf7 44. Nf3 Bxf3 1/2-1/2

[Event "ODJM A 2022"]
[Site "Willingen GER"]
[Date "2022.06.05"]
[Round "2"]
[White "Schwartz, Oliver"]
[Black "Kesselmeier, Kevin"]
[Result "1-0"]
[Termination "normal"]
[Board "27"]
[WhiteElo "1753"]
[BlackElo "1927"]
[PlyCount "67"]
[WhiteFideId "16207459"]
[BlackFideId "16217551"]
[EventCountry "GER"]
[EventRounds "9"]
[EventType "swiss"]
[EventDate "2022.06.04"]

1. d4 d5 2. c4 e6 3. Nc3 Bb4 4. a3 Bxc3+ 5. bxc3 Nf6 6. e3 O-O 7. Bd3 b6 8.
cxd5 exd5 9. Ne2 Ba6 10. Bc2 Nc6 11. O-O Na5 12. Re1 Re8 13. f3 c5 14. Ng3 Qc7
15. e4 cxd4 16. cxd4 Rac8 17. Ra2 Qc4 18. Rb2 dxe4 19. fxe4 Nc6 20. Nf5 Rcd8
21. Bb3 Qd3 22. Rd2 Qb5 23. e5 Nxe5 24. dxe5 Rxd2 25. Bxd2 Rxe5 26. Bxf7+ Kh8
27. Rxe5 Qxe5 28. Bc3 Qc7 29. Bb3 h6 30. Qd4 Qc6 31. Ne7 Qb5 32. Qxf6 gxf6 33.
Bxf6+ Kh7 34. Bg8# 1-0

[Event "ODJM A 2022"]
[Site "Willingen GER"]
[Date "2022.06.05"]
[Round "2"]
[White "Heß, Wadim"]
[Black "Metzinger, Hannes"]
[Result "0-1"]
[Termination "normal"]
[Board "28"]
[WhiteElo "1374"]
[BlackElo "1845"]
[PlyCount "68"]
[WhiteFideId "16266129"]
[BlackFideId "16239350"]
[EventCountry "GER"]
[EventRounds "9"]
[EventType "swiss"]
[EventDate "2022.06.04"]

1. d4 d5 2. Nf3 Nf6 3. e3 e6 4. Bd3 c5 5. O-O Nc6 6. b3 Qc7 7. a3 Bd6 8. Bb2 e5
9. dxe5 Nxe5 10. Nxe5 Bxe5 11. Bxe5 Qxe5 12. Nd2 O-O 13. Nf3 Qe7 14. c4 Rd8 15.
Qc2 Bg4 16. Kh1 Bxf3 17. gxf3 d4 18. Rae1 Qd6 19. e4 Re8 20. Rg1 Qf4 21. Rg3
Nh5 22. Rh3 Re5 23. Rg1 Rg5 24. Qd1 g6 25. Rg4 Qe5 26. Qd2 Rxg4 27. fxg4 Nf4
28. Rf3 g5 29. h4 h6 30. h5 Re8 31. Bc2 Re6 32. a4 d3 33. Bxd3 Rd6 34. Qc2 Nxd3
0-1